|
|
|
|
| LEADER |
00000nam0a2200000 4500 |
| 001 |
277428 |
| 005 |
20231101235020.0 |
| 035 |
|
|
|a (RuTPU)RU\TPU\book\300701
|
| 090 |
|
|
|a 277428
|
| 100 |
|
|
|a 20141202d1984 k y0rusy5003 ca
|
| 101 |
0 |
|
|a rus
|
| 102 |
|
|
|a RU
|
| 105 |
|
|
|a y z 001zy
|
| 200 |
1 |
|
|a Опыт применения программно-целевого подхода к управлению предприятием
|e сборник научных трудов
|
| 210 |
|
|
|a Новосибирск
|c Изд-во ИЭиОПП СО РАН
|d 1984
|
| 215 |
|
|
|a 168 с.
|
| 320 |
|
|
|a Библиография в конце статей
|
| 606 |
1 |
|
|a Программно-целевой метод в планировании и управлении
|x Организация производства
|2 stltpush
|3 (RuTPU)RU\TPU\subj\51800
|9 70363
|
| 610 |
1 |
|
|a промышленные предприятия
|
| 610 |
1 |
|
|a управление
|
| 610 |
1 |
|
|a технический прогресс
|
| 610 |
1 |
|
|a целевые программы
|
| 610 |
1 |
|
|a производственные объединения
|
| 610 |
1 |
|
|a планирование
|
| 610 |
1 |
|
|a организационно-экономические основы
|
| 675 |
|
|
|a 658.012
|z rus
|v 3
|
| 702 |
|
1 |
|a Аганбегян
|b А. Г.
|g Абел Гезевич
|4 340
|
| 801 |
|
0 |
|a RU
|b RuMRKP
|c 19950704
|g psbo
|
| 801 |
|
1 |
|a RU
|b 63413507
|c 20141202
|
| 801 |
|
2 |
|a RU
|b 63413507
|c 20171220
|g RCR
|
| 942 |
|
|
|c BK
|